Statistics for Books in the 'Roman Mysteries' Series

Click here to take the quiz!

General Stats

  • This quiz has been taken 6 times
  • The average score is 10 of 17

Answer Stats

Answer% Correct
The Thieves of Ostia
100%
The Pirates of Pompeii
80%
The Secrets of Vesuvius
80%
The Assassins of Rome
60%
The Charioteer of Delphi
60%
The Dolphins of Laurentum
60%
The Enemies of Jupiter
60%
The Fugitive from Corinth
60%
The Gladiators from Capua
60%
The Prophet from Ephesus
60%
The Sirens of Surrentum
60%
The Slave-Girl from Jerusalem
60%
The Twelve tasks of Flavia Gemina
60%
The Colossus of Rhodes
40%
The Man from Pomegranate Street
40%
The Scribes from Alexandria
40%
The Beggar of Volubilis
20%

Score Distribution

Percentile by Number Answered

Percent of People with Each Score

Your Score History

You have not taken this quiz